| 000 | 00559cam a2200181 4500500 | ||
|---|---|---|---|
| 005 | 20260329003022.0 | ||
| 041 | _afre | ||
| 042 | _adc | ||
| 100 | 1 | 0 |
_aLacroix, Alexandre _eauthor |
| 245 | 0 | 0 | _aTatouage: le goût de l’irréversible |
| 260 | _c2014. | ||
| 500 | _a55 | ||
| 690 | _aDavid Le Breton | ||
| 690 | _aPierre Clastres | ||
| 690 | _aTatouage | ||
| 786 | 0 | _nPhilosophie magazine | 81 | 7 | 2014-07-01 | p. 19-22 | 1951-1787 | |
| 856 | 4 | 1 | _uhttps://shs.cairn.info/magazine-philosophie-magazine-2014-7-page-19?lang=fr&redirect-ssocas=7080 |
| 999 |
_c1820572 _d1820572 |
||